000 00880nam a2200217 a 4500
005 20241203063726.0
008 991125s1983 mx 000 0 spa u
035 _aUPN01000003177
049 _aSEP
050 4 _aL227 D45
_bB2.434 1976
110 1 _aMéxico.
_bDirección General de Educación Normal
_928127
245 1 0 _aAntología de lógica y conjuntos I y II /
_cDirección General de Educación Normal.
260 _aMéxico :
_bSEP, Dirección General de Educación Normal,
_c1983.
300 _a178 p. :
_bil.
500 _aPlan de estudios 1976 (reestructurado) experimental
500 _aCursos semestrales -- Materias específicas de la licenciatura en matemáticas
650 4 _aARITMETICA -
_vPLANES Y PROGRAMAS
_97861
650 4 _aMaestros
_xFormacion profesional
_vPlanes y programas
_9813
650 4 _aMatemáticas
_xPlanes y programas
_912134
905 _aLibro
999 _c3177
_d3177